000 00417nam a2200169Ia 4500
005 20250923145300.0
008 008 250917s9999 xx 000 0 eng d
037 _aPeriodicals
040 _aDSWL
_beng
_cDSWL
041 _aeng
_2eng
084 _qDSWL
245 0 _aFederal Prabuation
260 _aU.S.
_bCourts an Cook Washington DC
_c1973
490 _vVol.36
942 _cCR
999 _c1449425
_d1449425